| 000 | 01045cam a2200241 4500 | ||
|---|---|---|---|
| 999 |
_c1028 _d1028 |
||
| 001 | 439360 | ||
| 003 | OCoLC | ||
| 005 | 20180903124654.0 | ||
| 008 | 680301s1968 miu b 000 0 eng | ||
| 010 | _a68016255 | ||
| 040 |
_aDLC _beng _cDLC _dBTCTA _dUKMGB _dOCLCO _dNCA |
||
| 050 | 0 |
_aBV4501.2 _b.B56 |
|
| 082 |
_a248 _bB652C |
||
| 100 | 1 |
_aBloesch, Donald G., _d1928-2010. |
|
| 245 | 1 | 4 |
_aThe crisis of piety; _bessays towards a theology of the Christian life, _cby Donald G. Bloesch. |
| 260 |
_aGrand Rapids, _bW. B. Eerdmans Pub. Co. _c[1968] |
||
| 300 |
_a168 p. _c23 cm. |
||
| 504 | _aBibliographical footnotes. | ||
| 505 | 0 | _aIntroduction :the need for spiritual renewal -- Theology at the crossroads -- The Crisis of peity -- The Mission of the Church : spiritual or secular? -- Toward the recovery of the devotional life -- The Meaning of conversion -- Two types of spirituality -- A Theology of Christian commitment -- The Pilgrimage of faith. | |
| 650 | 0 | _aChristian life. | |
| 650 | 0 |
_aSpiritual life _xChristianity. |
|
| 942 |
_2ddc _cBK |
||